Jairo Aníbal Niño : (Registro nro. 38410)

Detalles MARC
000 -CABECERA
Longitud fija campo de control 01269nam a22003255a 4500
003 - • IDENTIFICADOR DELl NÚMERO DE CONTROL
Identificador del número de control CO-BoRNBP
005 - • FECHA Y HORA DE LA ÚLTIMA TRANSACCIÓN
Fecha y hora de la última transacción 20241004113754.0
007 - • CAMPO FIJO DE DESCRIPCIÓN FÍSICA
Campo fijo de descripción física ta
008 - • CÓDIGOS DE INFORMACIÓN DE LONGITUD FIJA
Códigos de información de longitud fija 220207s2011 ck a gr 000 0dspa d
020 ## - • NÚMERO INTERNACIONAL NORMALIZADO PARA LIBROS
Número Internacional Normalizado para Libros (ISBN) 9789589177655
040 ## - FUENTE DE LA CATALOGACIÓN
Centro catalogador de origen CO-BoBLA
Lengua de catalogación spa
Centro transcriptor CO-BoBLA
Normas de descripción rda
041 1# - • CÓDIGO DE LENGUA
Código de lengua del texto/banda sonora o título independiente spa
043 ## - CÓDIGO DE ÁREA GEOGRÁFICA
Código de área geográfica s-ck---
082 04 - • NÚMERO DE LA CLASIFICACIÓN DECIMAL DEWEY
Número de clasificación (R) 809.89282
Número del ítem J14
Número de edición 21 ed.
245 00 - • TITULO PROPIAMENTE DICHO
Título Jairo Aníbal Niño :
Resto del título cuadernos de literatura infantil colombiana /
Mención de responsabilidad, etc. edición María Fernanda Paz Castillo.
250 ## - • MENCIÓN DE EDICIÓN
Mención de edición 1a. edición
264 #4 - PRODUCCIÓN, PUBLICACIÓN , DISTRIBUCIÓN, FABRICACIÓN Y COPYRIGHT
Lugar de producción, publicación, distribución, fabricación Bogotá :
Nombre del productor, editor, distribuidor, fabricante Biblioteca Nacional de Colombia, :
-- Ministerio de Cultura,
Fecha de de producción, publicación, distribución, fabricación o copyright 2011.
300 ## - • DESCRIPCIÓN FÍSICA
Extensión 87 páginas :
Otras características físicas ilustraciones ;
Dimensiones 23 cm.
336 ## - TIPO DE CONTENIDO
Término de tipo de contenido texto
Código de tipo de contenido txt [
Fuente rdacontent]
337 ## - TIPO DE MEDIO
Nombre del tipo de medio sin mediación
Código del tipo de medio n [
Fuente rdamedia]
338 ## - TIPO DE SOPORTE
Nombre del tipo de soporte volumen
Código del tipo de soporte nc [
Fuente rdacarrier]
490 1# - • MENCIÓN DE SERIE
Mención de serie Cuadernos de literatura infantil colombiana. Serie autores ;
Designación de volumen o secuencia 3
504 ## - • NOTA DE BIBLIOGRAFÍA, ETC
Nota de bibliografía, etc. Incluye bibliografía.
600 17 - • PUNTO DE ACCESO ADICIONAL DE MATERIA - NOMBRE DE PERSONA
Nombre de persona Niño, Jairo Aníbal,
Fechas asociadas al nombre 1941-2010
Subdivisión de materia general (R ) Crítica e interpretación.
650 #7 - • PUNTO DE ACCESO ADICIONAL DE MATERIA - TÉRMINO DE MATERIA
Término de materia o nombre geográfico como elemento inicial Historia y crítica de la literatura infantil colombiana.
Fuente del encabezamiento o término BLAAUTO
650 #7 - • PUNTO DE ACCESO ADICIONAL DE MATERIA - TÉRMINO DE MATERIA
Término de materia o nombre geográfico como elemento inicial Libros y lectura para niños
Subdivisión geográfica Colombia.
Fuente del encabezamiento o término BLAAUTO
700 1# - • PUNTO DE ACCESO ADICIONAL - NOMBRE DE PERSONA
Nombre de persona Paz Castillo, María Fernanda,
Fechas asociadas al nombre 1971-
Término indicativo de función edición.
942 ## - ENTRADA DE ELEMENTOS AGREGADOS (KOHA)
Fuente de clasificaión o esquema Dewey Decimal Classification
Koha [por defecto] tipo de item LIbro
949 ## - TRATAMIENTO DE LA INFORMACIÓN LOCAL (OCLC)
a c
b n
Existencias
Perdido Fuente de clasificación o esquema Estado Físico No para préstamo Forma de adquisición Localización permanente Localización actual Localización en estanterías Fecha adquisición Préstamos totales Signatura completa Código de barras Fecha última consulta Número de copia Fecha del precio de reemplazo Tipo de item de Koha Note pública
  Dewey Decimal Classification     Colección General Biblioteca Pública Puerto López - Jorge Eliecer Gaitán Biblioteca Pública Puerto López - Jorge Eliecer Gaitán General 08/28/2025   809.89282 J14 PLZ02950 08/28/2025 Ej.1 08/28/2025 LIbro  
  Dewey Decimal Classification     Colección General Biblioteca Pública San Carlos de Guaroa - Eduardo Carranza Biblioteca Pública San Carlos de Guaroa - Eduardo Carranza General 07/10/2025   809.89282 J14 SG03631 07/10/2025 Ej.1 07/10/2025 LIbro  
        Sala General Biblioteca Pública Departamental Eduardo Carranza - Villavicencio Biblioteca Pública Departamental Eduardo Carranza - Villavicencio General 03/09/2016   928.1 N35 ECA10963 11/25/2024 Ej.1 11/25/2024 LIbro 18680 | 23851
  Dewey Decimal Classification     Infantil Biblioteca Pública Guamal Biblioteca Pública Guamal Sala Infantil 10/04/2024   809.89282 J14 GUA004192 10/04/2024 Ej.1 10/04/2024 Libro Infantil  
  Dewey Decimal Classification     Infantil Biblioteca Pública La Macarena Biblioteca Pública La Macarena Sala Infantil 01/10/2025   809.89282 J14 LM02014 01/10/2025 Ej.1 01/10/2025 LIbro  
  Dewey Decimal Classification     Colección General Biblioteca Pública Puerto Concordia Biblioteca Pública Puerto Concordia General 01/20/2026   809.89282 J14 PCON00199 01/20/2026 Ej.1 01/20/2026 LIbro  









Instituto Departamental de Cultura del Meta - Red Departamental de Bibliotecas Públicas del Meta.